000 00672nam a2200229 a 4500
999 _c10869
_d10869
001 10869
003 BD-JhCC
005 20190522131256.0
008 190522b2015 bg |||| ||a| 000 0 ben d
020 _a9789842004308
035 _a(BD-JhCC)10869
040 _aBD-JhCC
_dBD-JhCC
041 _aben
082 _a891.443
_bSHA 2015
100 _aশরীফ, মোস্তাক
245 _aমেঘ ভেসে গেলে /
_cমোস্তাক শরীফ ।
260 _aঢাকা,
_bঅ্যাডর্ন পাবলিকেশন;
_c2015.
300 _a127 p. :
_c22 cm.
650 _aBengali Novel
942 _2ddc
_cBK